| 000 | 02569nam0a2200373 4500 | ||
|---|---|---|---|
| 001 | RU\NLR\BIBL_A\022671032 | ||
| 005 | 20260213151302.0 | ||
| 010 |
_a978-5-0054-3982-6 _9300 |
||
| 021 |
_aRU _bКН-П-25-060637 _9КН-П-25-5852 |
||
| 035 | _a(NLR Aleph) 022671032 | ||
| 090 |
_a13552053 _c13552053 |
||
| 100 | _a20251121d2026 u y0rusy50 ca | ||
| 101 | 0 | _arus | |
| 102 | _aRU | ||
| 105 | _aa j 000yy | ||
| 181 | 0 |
_ai3 _baxxe |
|
| 182 | 0 | _an | |
| 200 | 1 |
_aВыполнение монтажа и сборки средней сложности и сложных узлов, блоков, приборов радиоэлектронной аппаратуры, аппаратуры проводной связи, элементов узлов импульсной и вычислительной техники _eучебник _eдля студентов, обучающихся по профессии "Монтажник радиоэлектронной аппаратуры и приборов" и специальностям "Разработка электронных устройств и систем" и "Монтаж, техническое обслуживание и ремонт электронных приборов и устройств" среднего профессионального образования _fВ. П. Петров |
|
| 203 |
_aТекст _bвизуальный _cнепосредственный |
||
| 205 | _a6-е изд., стер. | ||
| 210 |
_aМосква _cАкадемия _d2026 (печ. 2025) |
||
| 215 |
_a269, [1] с. _cил., цв. ил. _d22 |
||
| 225 | 1 |
_aПрофессиональное образование _iПрофессиональный модуль |
|
| 313 | _a4-е изд. 2021 г. | ||
| 320 | _aБиблиогр.: с. 265-266 (38 назв.) | ||
| 333 | _a12+ | ||
| 606 | 1 |
_aРадиоэлектронная аппаратура _xМонтаж _jУчебники для среднего профессионального образования _2nlr_sh1 _2nlr_sh2 _3RU\NLR\AUTH\66934903 |
|
| 606 | 1 |
_aРадиоэлектронная аппаратура _xСборка _jУчебники для среднего профессионального образования _2nlr_sh1 _2nlr_sh2 _3RU\NLR\AUTH\66960160 |
|
| 686 | 1 | _aЗ844-060.8я723-1 | |
| 700 | 1 |
_aПетров _bВ. П. _cпедагог, монтаж РЭА _gВладимир Петрович _3RU\NLR\AUTH\770136070 |
|
| 942 | _cBOOK | ||
| 980 | _aNB | ||